| 000 | 00940nam a2200193 a 4500 | ||
|---|---|---|---|
| 008 | 090109s2004 ||||||||||||||||| || u | ||
| 020 | _a0748785256 | ||
| 050 | _aLB 1775 Pet | ||
| 100 | _aPetty, Geoff | ||
| 245 | 1 | 0 |
_aTeaching today: a practical guide. -- 3rd ed. _cGeoff Petty |
| 250 | _a3rd ed. | ||
| 260 |
_aCheltenham _bNelson Thornes _c2004 |
||
| 300 | _avi, 562p.:ill. | ||
| 350 | _a0.00 | ||
| 650 | 0 | _aTEACHING | |
| 995 |
_aANNEX COLLECTION (Main Library) _D0.00 _e739631 _FCBU-MAIN LIBRARY (Kitwe) _H1 _I0.00 _jLB 1775 PET _M2 _UAVAILABLE _WFeb 4, 2009 _y739631 _ZAnnex Low-Usage Collection |
||
| 995 |
_aMAIN LIBRARY OPEN ACCESS _D0.00 _e739632 _FCBU-MAIN LIBRARY (Kitwe) _H1 _I0.00 _jLB 1775 PET _M3 _UAVAILABLE _WFeb 4, 2009 _y739632 _ZMain Library Open Access Collection |
||
| 995 |
_aANNEX COLLECTION (Main Library) _D0.00 _e739432 _FCBU-MAIN LIBRARY (Kitwe) _H1 _I0.00 _jLB 1775 PET _M1 _UAVAILABLE _WFeb 4, 2009 _y739432 _ZAnnex Low-Usage Collection |
||
| 999 |
_c80946 _d80946 |
||